00428cam a2200169 i 4500001000800000005001700008008004100025010001700066040001800083041000800101080001800109082001800127100000700145101000800152245006800160504003000228368467620180125091957.0790425s1979 mau b 001 0 eng  a 78070850  aDLCcDLCdDLC aeng a301.44 van00a301.44 van1 a50 asoc14aThe structure of social inequality /cBeth Ensminger Vanfossen. aBibliography: p. 389-413.